000 00432nam a2200145Ia 4500
008 230917s9999||||xx |||||||||||||| ||und||
040 _e97152
_aMAIN
041 _aEnglish
082 _a973 G463P
100 _aGlasrud, Bruce A
245 0 _aPromises to keep: A portrayal of nonwhites in the United States, 2v v1- to 1865, v2- from 1865
260 _aChicago
_bRand McNally
_c1972
300 _aix, 205 p. ; ix, 398
942 _cBK
999 _c201544
_d201544